000 01045nac a22003011i 4500
003 EG-ScBUE
005 20240826091429.0
008 240826t2005 njua f b 001 0 eng d
020 _a0131848682
020 _a9780131848689
040 _aEG-ScBUE
_beng
_erda
_cEG-ScBUE
_dEG-ScBUE
082 0 4 _a510
_bGIL
_222
100 1 _aGilbert, William J.,
_eauthor.
245 1 3 _aAn introduction to mathematical thinking :
_balgebra and number systems /
_cWilliam J. Gilbert, Scott A. Vanstone.
264 1 _aUpper Saddle River, New Jersey :
_bPearson Prentice Hall,
_c[2005]
264 4 _cc2005
300 _aix, 300 pages :
_billustrations ;
_c24 cm
336 _2rdacontent
_atext
_btxt
337 _aunmediated
_2rdamedia
_bn
338 _avolume
_bnc
_2rdacarrier
504 _aIncludes bibliographical references and index.
650 7 _aAlgebraic logic.
_2BUEsh
650 7 _aNumber concept.
_2BUEsh
650 7 _aMathematics
_xPhilosophy.
_2BUEsh
655 _vReading book
700 1 _aVanstone, Scott A.,
_eauthor.
942 _cBB
_2ddc
999 _c1226
_d1226